00546 2200193 4500245009000000020002200090250001100112100003400123700001800157650001400175650001900189650001000208005001900218260005700237041001400294084000800308300002700316336000900343 aDasar-Dasar Seni Rupa SMK/MAK Kelas X Semester 1cGiriluhita Retno CahyaningsihhText a978-623-194-068-1 aCet. 1 aGiriluhita Retno Cahyaningsih aArief Firdaus aSeni Rupa aBuku Pelajaran aEbook a20240920071532 aJakartabKementerian Pendidikan dan Kebudayaanc2022 aIndonesia a702 axviii, 190 hlm. :cPDF atext